LEADER 04026nam 22005295 450 001 9910494558903321 005 20251011100410.0 010 $a981-16-3579-X 024 7 $a10.1007/978-981-16-3579-3 035 $a(CKB)5590000000551269 035 $a(MiAaPQ)EBC6717884 035 $a(Au-PeEL)EBL6717884 035 $a(OCoLC)1266896184 035 $a(DE-He213)978-981-16-3579-3 035 $a(EXLCZ)995590000000551269 100 $a20210901d2021 u| 0 101 0 $aeng 135 $aurcnu|||||||| 181 $ctxt$2rdacontent 182 $cc$2rdamedia 183 $acr$2rdacarrier 200 10$aWhen Politicians Talk $eThe Cultural Dynamics of Public Speaking /$fedited by Ofer Feldman 205 $a1st ed. 2021. 210 1$aSingapore :$cSpringer Nature Singapore :$cImprint: Springer,$d2021. 215 $a1 online resource (297 pages) 225 1 $aLiterature, Cultural and Media Studies 311 08$a981-16-3578-1 327 $aIntroduction: Assessing Cultural Influences on Political Leaders? Discourse -- Deep Culture: The Hebrew Bible and Israeli Political Speech -- Qur?anifying Public Political Discourse: Islamic Culture and Religious Rhetoric -- The Role of Culture in Turkish Political Discourse: President Recep Tayyip Erdo?an and the Justice and Development Party -- The Symbolic Construction of a Messiah: Jair Bolsonaro?s Public, Christian Discourse -- Rationality and Moderation: German Chancellors? Post-War Rhetoric -- Talking Politics: The Influence of Historical and Cultural Transformations on Polish Political Rhetoric -- A Tale of Two Prime Ministers: The Influence of Greek Culture in Post-Crises Political Speech -- Rhetoric, Culture, and Climate Wars: A Discursive Analysis of Australian Political Leaders? Responses to the Black Summer Bushfire Crisis -- The Core Socio-Cultural Building Blocks Underlying Israeli Prime Minister Benjamin Netanyahu?s Speeches to the United Nations General Assembly -- The President as Macho: Machismo, Misogyny, and the Language of Toxic Masculinity in Philippine Presidential Discourse. 330 $aThis book details the relationship between culture and the language used by public figures, including politicians, political candidates, and government officials, in the broad context of political behavior and communication. Employing a variety of perspectives, theoretical, conceptual, methodological, and analytical approaches, chapters focus specifically on the question of HOW cultural factors (such as religion, history, economy, majority/minority relations, social structure, and values) shape the content, nature, and characteristics of the rhetoric that public figures utilize in selected countries in the Americas, Europe, Asia, Oceania, and the Middle East. The chapters enable comparison of the cultural effects on the different structures, styles, and contents of public speaking in societies from West to East. That is, of WHAT leaders say, HOW they say it (e.g., degree of openness, directness, usage of metaphors and slogans, xenophobic and racial expressions), under WHICH specific circumstances (e.g., National Days addresses, national or local assemblies? debates, during election campaigns appeals, press conferences? briefings, and in international meetings? speeches), and for WHAT specific audiences (e.g., supporters and voters, media representatives, or the global community). 410 0$aLiterature, Cultural and Media Studies 606 $aCommunication in politics 606 $aPolitical leadership 606 $aPolitical Communication 606 $aPolitical Leadership 615 0$aCommunication in politics. 615 0$aPolitical leadership. 615 14$aPolitical Communication. 615 24$aPolitical Leadership. 676 $a808.51088329 702 $aFeldman$b Ofer$f1954- 801 0$bMiAaPQ 801 1$bMiAaPQ 801 2$bMiAaPQ 906 $aBOOK 912 $a9910494558903321 996 $aWhen politicians talk$92870089 997 $aUNINA